Charli xcx' UK Singles Chart History - Statistics

General Stats
  • This quiz has been taken 25 times
  • The average score is 17 of 31
Answer Stats
Peak Position Song Weeks On Chart Debut Date % Correct
#8 Apple 18 Jul 18th 2024
89%
#6 Boom Clap 27 Aug 2nd 2014
83%
#1 Guess 25 Aug 15th 2024
83%
#11 360 22 May 23rd 2024
78%
#1 I Love It 20 Jul 6th 2013
78%
#13 1999 15 Oct 18th 2018
72%
#63 365 8 Aug 8th 2024
72%
#7 Sympathy is a knife 15 Jun 20th 2024
72%
#26 Von dutch 9 Mar 14th 2024
72%
#35 Break The Rules 3 Oct 25th 2014
67%
#5 Fancy 39 Apr 19th 2014
67%
#19 party 4 u 12 May 1st 2025
67%
#9 Speed Drive (From Barbie The Album) 15 Jul 13th 2023
67%
#31 Boys 9 Aug 10th 2017
61%
#44 Good Ones 8 Sep 16th 2021
61%
#24 Talk talk 8 Jun 20th 2024
61%
#22 Girls 10 May 24th 2018
56%
#24 Beg For You 11 Feb 10th 2022
50%
#8 Doing It 11 Feb 21st 2015
50%
#58 Gone 2 Aug 1st 2019
50%
#6 OUT OUT 22 Aug 26th 2021
44%
#70 Blame It On Your Love 3 May 30th 2019
39%
#41 In The City 3 Nov 2nd 2023
39%
#29 After The Afterparty 16 Nov 10th 2016
33%
#28 Girl, so confusing 12 Jul 4th 2024
33%
#24 Hot In It 12 Jul 14th 2022
33%
#62 SuperLove 1 Dec 21st 2013
28%
#70 Used To Know Me 1 Mar 31st 2022
28%
#35 Dirty Sexy Money 12 Nov 16th 2017
17%
#94 Spinning 1 Mar 18th 2021
11%
#61 Dream Glow 1 Jun 20th 2019
0%
No matching quizzes found
Score Distribution
Percent of People with Each Score
Percentile by Number Answered
Your Score History
You have not taken this quiz